<?xml version="1.0" encoding="UTF-8"?>
<record
    xmlns:xsi="http://www.w3.org/2001/XMLSchema-instance"
    xsi:schemaLocation="http://www.loc.gov/MARC21/slim http://www.loc.gov/standards/marcxml/schema/MARC21slim.xsd"
    xmlns="http://www.loc.gov/MARC21/slim">

  <leader>00598 am a2200205   4500</leader>
  <controlfield tag="001">5211880</controlfield>
  <controlfield tag="003">OSt</controlfield>
  <controlfield tag="005">20190620093116.0</controlfield>
  <controlfield tag="008">040901s1992    nyu           000 0 eng u</controlfield>
  <datafield tag="020" ind1=" " ind2=" ">
    <subfield code="a">0671722859</subfield>
  </datafield>
  <datafield tag="050" ind1=" " ind2=" ">
    <subfield code="a">PR 2831</subfield>
    <subfield code="b">.Sh527 1992</subfield>
  </datafield>
  <datafield tag="082" ind1=" " ind2=" ">
    <subfield code="a">HS 822.33U3 </subfield>
    <subfield code="b">Sh1 1992</subfield>
  </datafield>
  <datafield tag="100" ind1="1" ind2=" ">
    <subfield code="a">Shakespeare, William,</subfield>
    <subfield code="d">1564-1616</subfield>
    <subfield code="9">16539</subfield>
  </datafield>
  <datafield tag="245" ind1="1" ind2="4">
    <subfield code="a">The Tragedy of Romeo and Juliet /</subfield>
    <subfield code="c">William Shakespeare.</subfield>
  </datafield>
  <datafield tag="260" ind1=" " ind2=" ">
    <subfield code="a">New York :</subfield>
    <subfield code="b">Washington Square,</subfield>
    <subfield code="c">c1992.</subfield>
  </datafield>
  <datafield tag="300" ind1=" " ind2=" ">
    <subfield code="a">281 p. :</subfield>
    <subfield code="b">ill. ;</subfield>
    <subfield code="c">18 cm.</subfield>
  </datafield>
  <datafield tag="440" ind1=" " ind2="0">
    <subfield code="a">New Folger Library Shakespeare</subfield>
    <subfield code="9">8925</subfield>
  </datafield>
  <datafield tag="942" ind1=" " ind2=" ">
    <subfield code="2">lcc</subfield>
    <subfield code="c">BK</subfield>
  </datafield>
  <datafield tag="999" ind1=" " ind2=" ">
    <subfield code="c">10361</subfield>
    <subfield code="d">10361</subfield>
  </datafield>
  <datafield tag="952" ind1=" " ind2=" ">
    <subfield code="0">0</subfield>
    <subfield code="1">0</subfield>
    <subfield code="2">lcc</subfield>
    <subfield code="4">0</subfield>
    <subfield code="a">LUX</subfield>
    <subfield code="b">LUX</subfield>
    <subfield code="c">HS</subfield>
    <subfield code="d">2013-09-04</subfield>
    <subfield code="l">1</subfield>
    <subfield code="o">PR 2831 .Sh527 1992</subfield>
    <subfield code="p">7701</subfield>
    <subfield code="r">2025-04-03 00:00:00</subfield>
    <subfield code="s">2025-03-25</subfield>
    <subfield code="t">1</subfield>
    <subfield code="w">2013-09-04</subfield>
    <subfield code="y">BK</subfield>
  </datafield>
</record>
